Roman numbers quiz 1-100 - Statistics

General Stats
  • This quiz has been taken 154 times
  • The average score is 13 of 15
Answer Stats
Number Roman % Correct
10 X
99%
12 XII
98%
1 I
97%
4 IV
91%
14 XIV
87%
23 XXIII
87%
40 XL
82%
51 LI
81%
70 LXX
80%
75 LXXV
79%
54 LIV
77%
65 LXV
76%
90 XC
75%
43 XLIII
75%
84 LXXXIV
72%
No matching quizzes found
Score Distribution
Percent of People with Each Score
Percentile by Number Answered
Your Score History
You have not taken this quiz